| 000 | 00450 a2200169 4500 | ||
|---|---|---|---|
| 003 | OSt | ||
| 005 | 20251217154317.0 | ||
| 008 | 251217b |||||||| |||| 00| 0 eng d | ||
| 040 | _cmain | ||
| 100 | _aMcLennan, Rick | ||
| 110 | _aMcLennan, Rick | ||
| 245 | _aMedieval town and their physical development | ||
| 250 | _aLatest edition | ||
| 260 |
_bstate academic press _c2024 |
||
| 264 |
_bLarsen and Keller Education _c2024 |
||
| 942 |
_cBK _2ddc |
||
| 999 |
_c394995 _d394995 |
||